000
00339 a2200157 4500
001
169545
020
_a
040
_c
Magnum
100
_a
Pey, Maria Oly
240
1
0
_a
Reflexoes sobre a pratica docente
_l
por
245
1
0
_a
Reflexoes sobre a pratica docente
362
0
_a
1899
440
1
_a
Loyola
697
_a
ENSINO
942
_c
BK
999
_c
169545
_d
169545